• 首页
  • 本馆介绍
  • 公告通知
  • 最新文献
  • 馆藏检索
  • 电子资源
  • 读者导购
  • 参考咨询
  • 我的图书馆
  • 登录
  • 详细信息显示
  • 放入我的书架
  • 预约/预借图书
  • 作者相关作品
  • 分类相关作品
  • 丛书相关作品
  • 出版社相关作品

书目信息

  • 表格格式
  • 工作单格式
  • 卡片格式
题名:
健康价值、行为与责任
    
 
作者: 刘远明 著
分册:  
出版信息: 北京   中国广播电视出版社  2009
页数: 244页
开本: 21cm
丛书名:
单 册:
中图分类: R-02
科图分类:
主题词: 健康--价值论 , 健康 , 价值论
电子资源:
ISBN: 978-7-5043-5875-2
000 00853nam0 2200253 45
001 1029930851
005 20130711101232.71
010    @a978-7-5043-5875-2@dCNY20.00
100    @a20100420d2009 em y0chiy50 ea
101 0  @achi
102    @aCN@b110000
105    @ay z 000yy
106    @ar
200 1  @a健康价值、行为与责任@AJian Kang Jia Zhi、 Xing Wei Yu Ze Ren@f刘远明著@FLiu Yuan Ming Zhu
210    @a北京@c中国广播电视出版社@d2009
215    @a244页@d21cm
330    @a本书共分八章,内容包括:医学视野中的健康与疾病;影响健康与疾病的社会、心理和文化因素;系统健康观;健康价值;健康的工具性价值——以健康对经济发展的影响为例等。
606 0  @a健康@x价值论
606 0  @a健康
606 0  @a价值论
690    @aR-02@v4
701  0 @a刘远明@ALiu Yuan Ming@f(1963~)@4著
801  0 @aCN@bTANGWEI@c20100429
905    @b0594452-56@dR-02@e24@f5
    
    健康价值、行为与责任/刘远明著.-北京:中国广播电视出版社,2009
    244页;21cm
    
    
    ISBN 978-7-5043-5875-2:CNY20.00
    本书共分八章,内容包括:医学视野中的健康与疾病;影响健康与疾病的社会、心理和文化因素;系统健康观;健康价值;健康的工具性价值——以健康对经济发展的影响为例等。
●
相关链接 在E读中查询图书 在五车中查询图书 在当当中查询图书 在豆瓣中查询图书


正题名:健康价值、行为与责任     索取号:R-02/24         预约/预借

序号 登录号 条形码 馆藏地/架位号 状态 备注
1 0594452   205944521   第二样本阅览室/ [索取号:R-02/24] 在馆    
2 0594453   205944530   第三借阅区/ [索取号:R-02/24] 在馆    
3 0594454   205944549   第三借阅区/ [索取号:R-02/24] 在馆    
4 0594455   205944558   教育系资料室/ [索取号:R-02/24] 在馆    
5 0594456   205944567   教育系资料室/ [索取号:R-02/24] 在馆    
唐山师范学院图书馆 欢迎您!
大连网信软件有限公司© 版权所有